MARC

Tag First Indicator Second Indicator Subfields
LEADER 00000cam a2200000 i 4500
001 in00004022513
005 20181030094732.0
006 m o d f
007 cr |||||||||||
008 180619s2018 vauab ob f000 0 eng c
035 |a (OCoLC)on1041109198 
042 |a pcc 
043 |a a-af---  |a n-us--- 
040 |a GPO  |b eng  |e rda  |e pn  |c GPO  |d GPO  |d MERUC  |d OCLCF  |d OCLCA  |d GPO  |d MvI 
049 |a WWW 
074 |a 0876 (online) 
086 0 |a S 1.2:AF 3/6 
110 1 |a United States.  |b Office of the Special Inspector General for Afghanistan Reconstruction,  |e author. 
245 1 0 |a Counternarcotics :  |b lessons from the U.S. experience in Afghanistan. 
246 3 0 |a Lessons from the U.S. experience in Afghanistan 
264 1 |a Arlington, VA :  |b SIGAR, Special Inspector General for Afghanistan Reconstruction,  |c 2018. 
300 |a 1 online resource (xv, 250 pages) :  |b color illustrations, maps 
336 |a text  |b txt  |2 rdacontent 
337 |a computer  |b c  |2 rdamedia 
338 |a online resource  |b cr  |2 rdacarrier 
500 |a "June 2018." 
500 |a "SIGAR 18-52-LL." 
504 |a Includes bibliographical references (pages 216-248). 
588 |a Description based on online resource, PDF version; title from PDF title page (SIGAR, viewed June 19, 2018). 
650 0 |a Opium trade  |z Afghanistan. 
650 0 |a Drug control  |z Afghanistan. 
650 0 |a Drug traffic  |z Afghanistan. 
650 0 |a Postwar reconstruction  |z Afghanistan  |x Evaluation. 
651 0 |a Afghanistan  |x Politics and government  |y 2001- 
650 7 |a Drug control.  |2 fast  |0 (OCoLC)fst01032891 
650 7 |a Drug traffic.  |2 fast  |0 (OCoLC)fst00898722 
650 7 |a Opium trade.  |2 fast  |0 (OCoLC)fst01046574 
650 7 |a Politics and government.  |2 fast  |0 (OCoLC)fst01919741 
651 7 |a Afghanistan.  |2 fast  |0 (OCoLC)fst01205406 
648 7 |a Since 2001  |2 fast 
776 0 8 |i Print version:  |a United States. Office of the Special Inspector General for Afghanistan Reconstruction.  |t Counternarcotics  |w (OCoLC)1041108991 
856 4 0 |u https://purl.fdlp.gov/GPO/gpo93745  |t 0 
999 f f |s 84c3285c-25e0-3d65-8f6c-d0ff4c31b77e  |i 3888f0b7-28d0-343e-8990-a30266a86aac  |t 0 
952 f f |a Texas A&M University  |b College Station  |c Electronic Resources  |d Available Online  |t 0  |e S 1.2:AF 3/6  |h Superintendent of Documents classification 
998 f f |a S 1.2:AF 3/6  |t 0  |l Available Online